| 000 | 00922nam a22001937a 4500 | ||
|---|---|---|---|
| 005 | 20250109160432.0 | ||
| 010 | _aB-761609 | ||
| 020 |
_a9789391881559 _c795.00 |
||
| 035 | _aB-761609 | ||
| 037 | _bउपहार | ||
| 082 | _a808.88 | ||
| 245 |
_aअस्मिता विमर्श और हिन्दी साहित्य/ _cरमा द्वारा संपादित |
||
| 260 |
_aदिल्ली _bअनंग प्रकाशन _c2023 |
||
| 270 |
_aबी-107/1, गली मंदिर वाली, समीप रबड़ फैक्ट्री, घोंडा _bदिल्ली _k9350563707 _e110053 _manangprashan@gmail.com |
||
| 300 |
_a255 पृ _c22 सेमी(सजिल्द) |
||
| 700 |
_aरमा _976275 |
||
| 942 |
_2ddc _cHN _mअस्मिता _h808.88 |
||
| 999 |
_c208312 _d208312 |
||